Plant design and economics for chemical engineers /
Guardado en:
| Autor Principal: | |
|---|---|
| Otros Autores: | |
| Formato: | Libro |
| Idioma: | English |
| Publicado: |
New York :
McGraw-Hill,
c1980.
|
| Edición: | 3rd ed. |
| Series: | McGraw-Hill chemical engineering series
|
| Materias: | |
| Etiquetas: |
Agregar Etiqueta
Sin Etiquetas, Sea el primero en etiquetar este registro!
|
| LEADER | 00945pam a22002655a 4500 | ||
|---|---|---|---|
| 001 | EIQ.libpla003822 | ||
| 008 | 790416s1980####nyua#####b####001#0#eng#d | ||
| 005 | 20080326153119.0 | ||
| 245 | 1 | 0 | |a Plant design and economics for chemical engineers / |c Max S. Peters, Klaus D. Timmerhaus. |
| 250 | |a 3rd ed. | ||
| 260 | |a New York : |b McGraw-Hill, |c c1980. | ||
| 300 | |a xiii, 973 p. : |b il. ; |c 24 cm. | ||
| 490 | 0 | |a McGraw-Hill chemical engineering series | |
| 504 | |a Incluye referencias bibliográficas e índices. | ||
| 020 | |a 0070495823 | ||
| 100 | 1 | |a Peters, Max Stone, |d 1920- | |
| 700 | 1 | |a Timmerhaus, Klaus D. | |
| 082 | 0 | 0 | |a 660/.28 |
| 650 | 4 | |a Fábrica de productos químicos |x Diseño. | |
| 650 | 4 | |a Fábrica de productos químicos |x Construcción. | |
| 650 | 4 | |a Chemical plants |x Design. | |
| 650 | 4 | |a Chemical plants |x Construction. | |
| 010 | |a 79012841 | ||
| 040 | |a DLC |c DLC |d AR-BbSID | ||
| 859 | |a AR-BbSID |b BIB. PLAPIQUI |h 660.28 |i P 43 |p 1776 | ||
